000 00815nam a2200265Ia 4500
003 OSt
005 20220925212428.0
006 a|||||r|||| 00| 0
007 ta
008 220923b |||||||| |||| 00| 0 eng d
020 _a0043500595
037 _cGeneral Book
040 _aRTL
_cRTL
_beng
041 _2eng
_aeng
082 _aX.5.N8, M4
100 _aBornstein Stephen, and others Ed.
_9276780
245 0 _aState in capitalist Europe
_b A casebook
260 _aLondon
_bAllen & Unwin
_c1984
300 _aviii,175p.
_ccm.
490 _aCasebook Series on European Politics and Society.3
500 _aBibliography: P 151-70
650 _aEconomic condition Europe
_9234055
942 _hX.5.N8, M4
_cGB
_2CC
999 _c560306
_d560306